All Clubs Playing in the Top 10 European Leagues - Statistics

General Stats
  • This quiz has been taken 41 times
  • The average score is 72 of 96
Answer Stats
Answer % Correct
Arsenal
97%
Bayern Munich
97%
Borussia Dortmund
97%
Inter Milan
97%
Liverpool
97%
Manchester City
97%
Manchester United
97%
Paris Saint-Germain
97%
Real Madrid
97%
AC Milan
94%
Aston Villa
94%
Atlético Madrid
94%
Bayer Leverkusen
94%
Chelsea
94%
Lazio
94%
Napoli
94%
Real Betis
94%
Athletic Bilbao
91%
Crystal Palace
91%
Everton
91%
Juventus
91%
Olympique Lyonnais
91%
Roma
91%
Sevilla
91%
Wolverhampton Wanderers
91%
Barcelona
88%
Brighton & Hove Albion
88%
Fulham
88%
Newcastle United
88%
Olympique Marseille
88%
Tottenham Hotspur
88%
West Ham United
88%
Brentford
85%
Nice
85%
Nottingham Forest
85%
Real Sociedad
85%
Southampton
85%
Valencia
85%
Bournemouth
82%
Eintracht Frankfurt
82%
Fiorentina
82%
Genoa
82%
VfB Stuttgart
82%
AS Monaco
79%
Girona
79%
Mainz 05
79%
Nantes
79%
Atalanta
76%
Bologna
76%
Borussia Mönchengladbach
76%
Ipswich Town
76%
Lille
76%
Torino
76%
VfL Wolfsburg
76%
Brest
73%
FC Augsburg
73%
Mallorca
73%
Montpellier
73%
Reims
73%
Rennes
73%
SC Freiburg
73%
Toulouse
73%
Union Berlin
73%
Cagliari
70%
Leicester City
70%
Parma
70%
Villarreal
70%
Werder Bremen
70%
Celta Vigo
67%
Getafe
67%
RB Leipzig
67%
Strasbourg
67%
Udinese
67%
Lens
64%
TSG Hoffenheim
64%
Valladolid
64%
Como
61%
VfL Bochum
61%
Espanyol
58%
FC St. Pauli
58%
Lecce
58%
Venezia
58%
Saint-Étienne
55%
Auxerre
52%
Monza
52%
Osasuna
52%
Alavés
48%
Angers
48%
Las Palmas
48%
Le Havre
48%
Rayo Vallecano
45%
Hellas Verona
42%
1. FC Heidenheim
39%
Empoli
39%
Holstein Kiel
33%
Leganés
33%
No matching quizzes found
Score Distribution
Percent of People with Each Score
Percentile by Number Answered
Your Score History
You have not taken this quiz